000
00301nam a22001217a 4500
020
_a
9788189267940
082
_a
305.8 MIS
100
_a
Misra P.D.
_a
Beena Misra
245
_a
Social work profession in India
260
_a
Lucknow
_b
New Royal Book Company
_c
2015
650
_a
social work
942
_c
BK
999
_c
19937
_d
19937